000
00272nam a2200121Ia 4500
008
220120s9999||||xx |||||||||||||| ||und||
082
_a
624 BHA
100
_a
Bhavikatti, S.S
245
0
_a
Civil engineering
260
_b
New Delhi
300
_b
0
650
_a
MATHEMATICS
999
_c
136708
_d
136708